Strategies for English of Science : A 1,2 (lekcie 1-9): B 1,2 (lekcie 10-18)

Gespeichert in:
Bibliographische Detailangaben
Hauptverfasser: Ponťuchová, Viera (Verfasst von), Miškovičová, Jolana (Verfasst von), Tandlichová, Eva (Verfasst von)
Format: Audio
Sprache:Englisch
Veröffentlicht: Bratislava : Veda, 1989
Ausgabe:1. vyd.
Schlagworte:
Tags: Tag hinzufügen
Keine Tags, Fügen Sie das erste Tag hinzu!

MARC

LEADER 00000njm a22000003a 4500
001 stu126093
005 20150617225901.5
008 060913s1989----cs------------------eng-d
040 |a STU  |b slo 
041 0 |a eng 
044 |a cs 
080 |a 802.0 
100 1 |a Ponťuchová, Viera  |4 aut 
245 1 |a Strategies for English of Science :  |b A 1,2 (lekcie 1-9): B 1,2 (lekcie 10-18) 
250 |a 1. vyd. 
260 |a Bratislava :  |b Veda,  |c 1989 
300 |a 256 s 
650 7 |a 2 MG kazety k učebnici angličtiny  |2 stusub 
700 1 |a Miškovičová, Jolana  |4 aut 
700 1 |a Tandlichová, Eva  |4 aut 
996 |b 284J030530  |c J*84220  |l JJSK  |s A  |a 24  |w stu126093_0001